000 00964nam a22002777a 4500
001 6355
003 FISKH
005 20250807143017.0
008 250423b cb ||||| |||| 00| 0 eng d
040 _aFISKH
_beng
_cFISKH
_dFISKH
050 _aPZ7.F667 P
082 _a813.54 LCC
100 _aFlournoy, Valerie
245 _aThe patchwork quilt /
_cby Valerie Flournoy ; Picture by Jerry Pinkney
250 _aFirst Scholastic printing, 1996
260 _aNew York :
_bScholastic,
_c1985
300 _a30 unnumbered pages :
_bcolor illustrations ;
_c27 cm
505 _aN
520 _aUsing scraps cut from the family's old clothing, Tanya helps her grandmother and mother make a beautiful quilt that tells the story of her family's life.
521 8 _a590
_bLexile AD
521 8 _aN
_bRaz-Plus
650 _aAfrican American culture
_vFamily life
700 _aPinkney, Jerry
_eillustrator
942 _2ddc
_cBK
_n0
999 _c6355
_d6355